<?xml version="1.0" encoding="UTF-8"?><?xml-stylesheet type="text/xsl" href="static/style.xsl"?><OAI-PMH xmlns="http://www.openarchives.org/OAI/2.0/" xmlns:xsi="http://www.w3.org/2001/XMLSchema-instance" xsi:schemaLocation="http://www.openarchives.org/OAI/2.0/ http://www.openarchives.org/OAI/2.0/OAI-PMH.xsd"><responseDate>2026-04-27T21:53:19Z</responseDate><request verb="GetRecord" identifier="oai:uvadoc.uva.es:10324/9154" metadataPrefix="marc">https://uvadoc.uva.es/oai/request</request><GetRecord><record><header><identifier>oai:uvadoc.uva.es:10324/9154</identifier><datestamp>2025-02-10T13:48:05Z</datestamp><setSpec>com_10324_6435</setSpec><setSpec>com_10324_5186</setSpec><setSpec>com_10324_29291</setSpec><setSpec>col_10324_6440</setSpec></header><metadata><record xmlns="http://www.loc.gov/MARC21/slim" xmlns:doc="http://www.lyncode.com/xoai" xmlns:xsi="http://www.w3.org/2001/XMLSchema-instance" xmlns:dcterms="http://purl.org/dc/terms/" xsi:schemaLocation="http://www.loc.gov/MARC21/slim http://www.loc.gov/standards/marcxml/schema/MARC21slim.xsd">
<leader>00925njm 22002777a 4500</leader>
<datafield tag="042" ind1=" " ind2=" ">
<subfield code="a">dc</subfield>
</datafield>
<datafield tag="720" ind1=" " ind2=" ">
<subfield code="a">López Sáez, José Antonio</subfield>
<subfield code="e">author</subfield>
</datafield>
<datafield tag="720" ind1=" " ind2=" ">
<subfield code="a">Rodríguez Marcos, José Antonio</subfield>
<subfield code="e">author</subfield>
</datafield>
<datafield tag="260" ind1=" " ind2=" ">
<subfield code="c">2006</subfield>
</datafield>
<datafield tag="520" ind1=" " ind2=" ">
<subfield code="a">El presente artículo presenta los resultados del análisis palinológico del relleno de cuatro fosas en un campo de hoyos de atribución Protocogotas. A partir de los resultados paleopolínicos obtenidos, se propone una interpretación del paleopaisaje regional. Se detecta cerealicultura inmediata al poblado y una actividad pastoril en un paisaje dominado por las zonas de pradera, destacando los herbazales de tipo nitrófilo, y con un avanzado estadio de deforestación del bosque autóctono, formado por las encinas y la sabina albar.</subfield>
</datafield>
<datafield tag="520" ind1=" " ind2=" ">
<subfield code="a">The aim of this paper is to give information about the dates obtained in the polinic anal ysis proceeding from four holes in a so named "campo de hoyos" of the Nord-Iberian upland, with a chronology of the Middle Bronze Age: El Castillo (Rábano, Valladolid). Palaeoecological indicators show a cereal agricultural economy near de site as well as a pastoral activity in a notable deforested context with nitrophilous communities.</subfield>
</datafield>
<datafield tag="024" ind2=" " ind1="8">
<subfield code="a">BSAA Arqueología: Boletín del Seminario de Estudios de Arqueología, 2006, N.72, pags.67-91</subfield>
</datafield>
<datafield tag="024" ind2=" " ind1="8">
<subfield code="a">1888-976X</subfield>
</datafield>
<datafield tag="024" ind2=" " ind1="8">
<subfield code="a">http://uvadoc.uva.es/handle/10324/9154</subfield>
</datafield>
<datafield tag="024" ind2=" " ind1="8">
<subfield code="a">67</subfield>
</datafield>
<datafield tag="024" ind2=" " ind1="8">
<subfield code="a">72</subfield>
</datafield>
<datafield tag="024" ind2=" " ind1="8">
<subfield code="a">91</subfield>
</datafield>
<datafield tag="024" ind2=" " ind1="8">
<subfield code="a">BSAA Arqueología: Boletín del Seminario de Estudios de Arqueología</subfield>
</datafield>
<datafield ind1=" " ind2=" " tag="653">
<subfield code="a">Arqueología</subfield>
</datafield>
<datafield tag="245" ind1="0" ind2="0">
<subfield code="a">Interpretación del análisis paleopalinológico del yacimiento protocogotas de el Castillo (Rábano, Valladolid, España)</subfield>
</datafield>
</record></metadata></record></GetRecord></OAI-PMH>